LEADER 01497nam1 2200409 450 001 990003116890203316 005 20150331104520.0 035 $a000311689 035 $aUSA01000311689 035 $a(ALEPH)000311689USA01 035 $a000311689 100 $a20080610d--------km-y0itay50------ba 101 $afre 102 $aFR 105 $a||||||||001yy 200 1 $aQuarante ans de théatre$efeuilletons dramatiques$fFrancis Sarcey 210 $aParis$cBibliotèque des Annales 215 $av.$d19 cm 410 0$12001 454 1$12001 461 1$1001-------$12001 463 \1$1001990003116900203316$12001 $a<<[v. 3.]>> : Corneille, Racine, Shakespeare et la tragédie$eCorneille, Racine, Shakespeare et la tragédie 463 \1$1001990003116910203316$12001 $a<<[v. 4.]>> : Victor Hugo, Dumas père, Scribe, Casimir Delavigne, Balzac, G.Sand, E. Legouvé, A. De Musset, Ponsard, D'Ennery, Labiche, etc 463 \1$1001990003116920203316$12001 $a<<[v. 1.]>> : <> La critique et les lois du théatre, la Comédie-Française 606 0 $aLetteratura drammatica$xSaggi 676 $a792.09 700 1$aSARCEY,$bFrancisque$0460297 801 0$aIT$bsalbc$gISBD 912 $a990003116890203316 951 $aII.4.B.$bDSLL 959 $aBK 969 $aDSLL 979 $aDSLL$b90$c20080610$lUSA01$h0857 979 $aDSLL$b90$c20080610$lUSA01$h0904 979 $aMARANO$b90$c20150331$lUSA01$h1045 996 $aQuarante ans de théatre$9903246 997 $aUNISA LEADER 01944nam0 22004693i 450 001 VAN00283384 005 20250116030420.812 017 70$2N$a9783031173394 100 $a20241125d2022 |0itac50 ba 101 $aeng 102 $aCH 105 $a|||| ||||| 181 $ai$b e 182 $ab 183 $acr 200 1 $aBoundary Plasma Physics$eAn Accessible Guide to Transport, Detachment, and Divertor Design$fFulvio Militello 210 $aCham$cSpringer$d2022 215 $axiv, 522 p.$cill.$d24 cm 410 1$1001VAN00132816$12001 $aSpringer Series on Atomic, Optical and Plasma Physics$1210 $aBerlin [etc.]$cSpringer$v123 606 $a00A79 (77-XX)$xPhysics [MSC 2020]$3VANC023182$2MF 606 $a81V35$xNuclear physics [MSC 2020]$3VANC023270$2MF 606 $a82-XX$xStatistical mechanics, structure of matter [MSC 2020]$3VANC021931$2MF 610 $aBoundary plasma physics$9KW:K 610 $aFilamentary transport$9KW:K 610 $aMagnetic confinement fusion$9KW:K 610 $aPlasma detachment$9KW:K 610 $aPlasma divertor$9KW:K 610 $aPlasma exhaust$9KW:K 610 $aPlasma surface interactions$9KW:K 610 $aScrape-off layer$9KW:K 610 $aTokamak plasma$9KW:K 620 $aCH$dCham$3VANL001889 700 1$aMilitello$bFulvio$3VANV236835$01272064 712 $aSpringer $3VANV108073$4650 801 $aIT$bSOL$c20250613$gRICA 856 4 $uhttps://doi.org/10.1007/978-3-031-17339-4$zE-book ? Accesso al full-text attraverso riconoscimento IP di Ateneo, proxy e/o Shibboleth 899 $aBIBLIOTECA DEL DIPARTIMENTO DI MATEMATICA E FISICA$1IT-CE0120$2VAN08 912 $fN 912 $aVAN00283384 950 $aBIBLIOTECA DEL DIPARTIMENTO DI MATEMATICA E FISICA$d08DLOAD e-Book 9904 $e08eMF9904 20241211 996 $aBoundary Plasma Physics$92996433 997 $aUNICAMPANIA